Where Are They From? Europe Map Quiz - Statistics

General Stats
  • This quiz has been taken 22 times
  • The average score is 11 of 15
Answers on the Map
Answers color-coded by a green-red scale on the quiz's map according to % correct below.
 
Answer Stats
Answer % Correct
Bjork
84%
Galileo Galilei
84%
Marie Curie
84%
Arnold Schwarzenegger
79%
Albert Einstein
74%
Brigitte Bardot
74%
Miranda Hart
74%
Nicola Coughlan
74%
Rembrandt
74%
Vlad the Impaler
74%
Anni-Frid Lyngstad
63%
Charles Leclerc
63%
Benny Andersson
58%
Peter Sagan
47%
Robert Capa
47%
No matching quizzes found
Score Distribution
Percent of People with Each Score
Percentile by Number Answered
Your Score History
You have not taken this quiz